MAASAI MARA UNIVERSITY

LIBRARY CATALOGUE

Contact Us: +254 020 2685356/7 or 0774 057787

Box: 861-20500, NAROK, KENYA

Email: info@mmarau.ac.ke

Strategic management and business policy / (Record no. 23398)

MARC details
000 -LEADER
fixed length control field 01163nam a22003137a 4500
001 - CONTROL NUMBER
control field 13192143
003 - CONTROL NUMBER IDENTIFIER
control field OSt
005 - DATE AND TIME OF LATEST TRANSACTION
control field 20170518102856.0
008 - FIXED-LENGTH DATA ELEMENTS--GENERAL INFORMATION
fixed length control field 170222b xxu||||| |||| 00| 0 eng d
010 ## - LIBRARY OF CONGRESS CONTROL NUMBER
LC control number 2003053560
020 ## - INTERNATIONAL STANDARD BOOK NUMBER
International Standard Book Number 0131421794
040 ## - CATALOGING SOURCE
Original cataloging agency MMU
Transcribing agency MMU
Modifying agency MMU
Language of cataloging eng
042 ## - AUTHENTICATION CODE
Authentication code pcc
050 00 - LIBRARY OF CONGRESS CALL NUMBER
Classification number HD30.28
Item number .W43 2004
082 00 - DEWEY DECIMAL CLASSIFICATION NUMBER
Classification number 658.4/012
Edition number 21
100 1# - MAIN ENTRY--PERSONAL NAME
Personal name Wheelen, Thomas L.
245 10 - TITLE STATEMENT
Title Strategic management and business policy /
Statement of responsibility, etc. Thomas L. Wheelen, J. David Hunger.
250 ## - EDITION STATEMENT
Edition statement 9th ed.
260 ## - PUBLICATION, DISTRIBUTION, ETC. (IMPRINT)
Place of publication, distribution, etc. Upper Saddle River, NJ :
Name of publisher, distributor, etc. Pearson Prentice Hall,
Date of publication, distribution, etc. c2004.
300 ## - PHYSICAL DESCRIPTION
Extent xlvi, 367, ca. 500 p. :
Other physical details ill. ;
Dimensions 27 cm.
500 ## - GENERAL NOTE
General note Various multi-media instructional aids, including a Web site, are available to supplement the text.
504 ## - BIBLIOGRAPHY, ETC. NOTE
Bibliography, etc Includes bibliographical references and index.
650 #0 - SUBJECT ADDED ENTRY--TOPICAL TERM
Topical term or geographic name as entry element Strategic planning.
650 #0 - SUBJECT ADDED ENTRY--TOPICAL TERM
Topical term or geographic name as entry element Strategic planning
Form subdivision Case studies.
700 1# - ADDED ENTRY--PERSONAL NAME
Personal name Hunger, J. David,
Dates associated with a name 1941-
906 ## - LOCAL DATA ELEMENT F, LDF (RLIN)
a 7
b cbc
c orignew
d 1
e ocip
f 20
g y-gencatlg
942 ## - ADDED ENTRY ELEMENTS (KOHA)
Source of classification or shelving scheme Library of Congress Classification
Koha item type L
Holdings
Withdrawn status Lost status Source of classification or shelving scheme Damaged status Not for loan Home library Current library Date acquired Source of acquisition Total Checkouts Full call number Barcode Date last seen Date last checked out Price effective from Koha item type
    Library of Congress Classification     Maasai Mara University Library -Main Campus Maasai Mara University Library -Main Campus 02/22/2017 Donation -T4C 3 HD30.28 .W43 2004 17024779 03/03/2026 02/17/2026 02/22/2017 L
© 2016 Maasai Mara University.